Statistics for Countries considered western civilization Part 2

Click here to take the quiz!

General Stats

  • This quiz has been taken 6 times
  • The average score is 11 of 15

Answer Stats

HintAnswer% Correct
EuropeAustria
83%
EuropeBelgium
83%
EuropeItaly
83%
EuropeCzechia
83%
EuropePoland
83%
EuropeSlovakia
83%
EuropeSlovenia
83%
EuropeSan Marino
67%
EuropeNetherlands
67%
EuropeLuxembourg
67%
EuropeHungary
67%
EuropeCroatia
67%
EuropeVatican City
50%
EuropeMalta
50%
EuropeLatvia
33%

Score Distribution

Percentile by Number Answered

Percent of People with Each Score

Your Score History

You have not taken this quiz